000 01675nam a22001577a 4500
041 _aukr
080 _a09
090 _bКЛИ
100 _aКлимюк І. А.
245 _aСтруктурно-семантичні та стилістичні особливості англомовного рекламного тексту
260 _aОстрог
_bКАФ
_c2004
300 _a45
520 _aРозділ 1. Реклама та рекламний текст як ефективний інструмент комунікації. 1.1. Поняття "реклама". ЇЇ сутність, цілі, завдання. 1.2. Рекламні звернення. Вплив лінгвістичних та ілюстративних елементів реклами на формування образу у споживача. 1.3. Реклама у засобах масової інформації. Способи вираження особливостей рекламних текстів у ЗМІ. Розділ 2. Семантика, стилістика та структура рекламних текстів (на основі науково-технічних рекламних текстів та текстів-анонсів). 2.1. Структурно-семантичні та стилістичні особливості в текстах науково-технічної реклами. 2.2. Структурно-семантичні та функціональні характеристики в текстах-анонсах.
_0комунікація, реклама, стилістика
650 _aResearch Papers
999 _c282584
_d282584
942 _cBK